Basic physics of the solar system /

Bibliographic Details
Main Author: Blanco, V. M.
Other Authors: McCuskey, S. W. (Sidney Wilcox)
Format: Book
Language:English
Published: Reading, Mass. : Addison-Wesley Pub. Co., [1961]
Series:Addison-Wesley series in the engineering sciences. Space science and technology.
Subjects:

MARC

Tag First Indicator Second Indicator Subfields
LEADER 00000cam a2200000 4500
001 in00000044236
005 20151007071034.0
008 721221s1961 maua b 00010 eng u
010 |a  61010967  
035 |a (OCoLC)00522737 
035 |9 AAE5198AM 
040 |c KSU  |d TXA  |d UtOrBLW 
049 |a TXAM  |c [339939] 
050 0 0 |a QB501  |b .B6 
092 |a 523.2  |b B641b, 1961 
100 1 |a Blanco, V. M. 
245 1 0 |a Basic physics of the solar system /  |c by V. M. Blanco and S. W. McCuskey. 
264 1 |a Reading, Mass. :  |b Addison-Wesley Pub. Co.,  |c [1961] 
300 |a 307 pages :  |b illustrations ;  |c 24 cm. 
336 |a text  |b txt  |2 rdacontent 
337 |a unmediated  |b n  |2 rdamedia 
338 |a volume  |b nc  |2 rdacarrier 
490 1 |a Addison-Wesley series in the engineering sciences. Space science and technology 
651 0 |a Solar system. 
700 1 |a McCuskey, S. W.  |q (Sidney Wilcox) 
830 0 |a Addison-Wesley series in the engineering sciences.  |p Space science and technology. 
999 |a MARS 
999 f f |s c55aec53-70ca-3cda-a958-7cc9ce15d4a5  |i 2dfd0b62-72f3-3863-be4f-0946133d1f50  |t 0 
952 f f |p ric  |a Texas A&M University  |b Rellis Campus  |c Joint Library Facility  |d Remote Storage  |t 0  |e QB501 .B6  |h Library of Congress classification  |i unmediated -- volume  |m A14800901253 
998 f f |a QB501 .B6  |t 0  |l Remote Storage